Music Quiz

Random Music Quiz
Score 0/300 Timer 10:00
0 Plays Today
Hint Answer % Correct
i
96%
i
96%
the
96%
i
96%
and
96%
i
96%
i
96%
i
96%
a
96%
i
96%
the
96%
and
96%
a
96%
and
96%
a
96%
a
96%
and
96%
the
96%
a
96%
and
96%
the
96%
i
96%
a
96%
and
96%
the
96%
the
96%
and
96%
i
96%
and
96%
a
96%
the
96%
the
96%
a
96%
a
96%
i
96%
four
88%
four
88%
four
88%
on
84%
one
84%
five
84%
one
84%
five
84%
on
84%
one
84%
five
84%
he
80%
in
80%
he
80%
in
80%
listen
76%
doctor
76%
do
76%
doctor
76%
doctor
76%
an
76%
listen
76%
you
76%
you
76%
you
76%
you
76%
you
76%
doctor
76%
you
76%
you
76%
doctor
76%
you
76%
you
76%
you
76%
some
72%
to
72%
my
72%
my
72%
my
72%
my
72%
this
72%
some
72%
to
72%
this
72%
to
72%
some
72%
to
72%
to
72%
to
72%
to
72%
my
72%
my
72%
my
72%
to
72%
me
68%
need
68%
of
68%
but
68%
but
68%
of
68%
record
68%
with
68%
tag
68%
sing
68%
with
68%
Hint Answer % Correct
record
68%
need
68%
of
68%
me
68%
but
68%
of
68%
me
68%
need
68%
be
68%
have
64%
pain
64%
that
64%
just
64%
cant
64%
pain
64%
drugs
64%
help
64%
that
64%
from
64%
what
64%
feel
64%
injection
64%
that
64%
said
64%
then
64%
mic
64%
starts
64%
from
64%
feeling
64%
what
64%
that
64%
it
64%
just
64%
it
64%
from
64%
feeling
64%
feeling
64%
that
64%
said
64%
then
64%
that
64%
feeling
64%
that
64%
inside
60%
myself
60%
ease
60%
for
60%
reached
60%
into
60%
his
60%
bag
60%
instead
60%
daily
60%
shaking
60%
grabs
60%
make
60%
make
60%
make
60%
make
60%
put
60%
make
60%
please
56%
than
56%
when
56%
is
56%
is
56%
am
56%
soul
56%
healing
56%
gave
56%
got
56%
things
56%
high
56%
high
56%
when
56%
high
56%
high
56%
am
56%
when
56%
is
56%
when
56%
is
56%
fills
52%
fills
52%
mind
52%
livings
52%
less
52%
fine
52%
think
52%
worse
52%
oh
52%
desperate
52%
good
52%
grin
52%
such
52%
steal
52%
band
52%
think
52%
mind
52%
pollution
48%
Hint Answer % Correct
lungs
48%
convolution
48%
contemplate
48%
curse
48%
bubble
48%
blown
48%
turned
48%
better
48%
was
48%
write
48%
recite
48%
better
48%
shelf
44%
does
44%
freed
44%
life
44%
hip
44%
puts
44%
sang
44%
did
44%
or
44%
or
44%
life
44%
yes
44%
say
44%
these
44%
written
44%
your
44%
brain
44%
these
44%
these
44%
legs
40%
tingle
40%
time
40%
ache
36%
its
36%
falling
36%
sky
36%
are
36%
fresh
36%
dose
36%
has
36%
back
36%
down
36%
are
36%
all
36%
like
36%
its
36%
all
36%
all
36%
ah
32%
ah
32%
spine
32%
being
32%
ah
32%
spirits
32%
ah
32%
sat
32%
they
32%
they
32%
heaven
28%
hear
28%
there
28%
begins
28%
tell
28%
grown
24%
burst
24%
stronger
24%
breath
24%
wrote
24%
chords
24%
three
24%
chords
24%
people
24%
scratch
24%
cd
24%
three
24%
modern
24%
insecurities
24%
believe
24%
until
20%
man
20%
dont
20%
them
20%
shakedown
20%
insanity
20%
hearing
20%
bones
16%
repeating
16%
young
16%
keep
16%
harmonies
16%
positivity
16%
protecting
16%
quality
12%
against
12%
within
8%
breed
8%
cos
4%
cos
4%
Remove Ads.
Support Sporcle.
Get the best of Sporcle when you Go Orange. This ad-free experience offers more features, more stats, and more fun while also helping to support Sporcle. Thank you for becoming a member.

You're not logged in!

Compare scores with friends on all Sporcle quizzes.
OR
Log In

Show Comments

Extras

Created Sep 23, 2013ReportNominate
Tags:cat, Cat Empire, empire, Five, four

Top Quizzes Today


Score Distribution

Your Account Isn't Verified!

In order to create a playlist on Sporcle, you need to verify the email address you used during registration. Go to your Sporcle Settings to finish the process.

Report this User

Report this user for behavior that violates our Community Guidelines.

Details: